000 00755nam a22002417a 4500
003 OSt
005 20260202125934.0
008 260202b |||||||| |||| 00| 0 eng d
020 _a9780745342955
040 _aEASL
_beng
_cEASL
041 _aeng
_2eng
084 _aW4.41 R3
_qEASL
100 _aRukus, Ralf
_91113115
245 _aThe Left in China :
_bA Political Cartography /
260 _aLondon :
_bPluto Press ,
_c2023 .
300 _axvi, 323p.
650 _aChinese English Language
_91113116
651 _aUnderstanding the Left in the People's Republic.
_91113117
651 _aDefense and Nostalgia.
_91113118
700 _aRukus, Ralf
_91113115
942 _2CC
_n0
_cTEXL
_hW4.41 R3
999 _c1678477
_d1678477